[Event "M.Chigorin Memorial 2017 "]
[Site "?????-?????????"]
[Date "2017.10.21"]
[Round "1"]
[Board "25"]
[White "Moiseenko, Vadim"]
[Black "Tsaruk, Maksim"]
[Result "1-0"]
[WhiteElo "2543"]
[BlackElo "2090"]
[PlyCount "119"]
[EventDate "2017.10.21"]
[EventRounds "9"]
[EventCountry "RUS"]

1. e4 e5 2. Nf3 Nc6 3. d4 exd4 4. Nxd4 Nf6 5. Nxc6 bxc6 6. e5 Qe7 7. Qe2 Nd5 8.
c4 Nb6 9. g3 a5 10. Nd2 Ba6 11. b3 a4 12. Bg2 O-O-O 13. O-O f6 14. Nf3 Re8 15.
Bb2 fxe5 16. Qxe5 Qxe5 17. Nxe5 Be7 18. Nd3 d5 19. Rfd1 dxc4 20. bxc4 Bxc4 21.
Ne5 Bd5 22. Nxc6 Bxg2 23. Kxg2 Bf6 24. Bxf6 gxf6 25. Rac1 Re2 26. a3 Rhe8 27.
Rc5 Rb2 28. Rd3 Kb7 29. Rf3 Nd7 30. Na5+ Kc8 31. Rc4 Ne5 32. Re3 Rd8 33. Rxa4
Rdd2 34. Rf4 Ng4 35. Ref3 Ne5 36. Nc4 Nxf3 37. Rxf3 c5 38. Rxf6 Kd7 39. h4 Re2
40. Nxb2 Rxb2 41. h5 c4 42. Rf4 c3 43. Rc4 Rb3 44. a4 Ke6 45. h6 Kd5 46. Rc7
Kd6 47. Rc8 Ra3 48. f4 Kd5 49. Kh3 Rxa4 50. Rxc3 Ra6 51. Kg4 Rxh6 52. f5 Ra6
53. Re3 Rb6 54. Kg5 h6+ 55. Kh5 Kd4 56. Re1 Rf6 57. g4 Kd5 58. Re6 Rxe6 59.
fxe6 Kxe6 60. Kxh6  1-0

[Event "M.Chigorin Memorial 2017 "]
[Site "?????-?????????"]
[Date "2017.10.21"]
[Round "1"]
[Board "26"]
[White "Gurjevskoy, Denis"]
[Black "Tsydypov, Zhamsaran"]
[Result "1/2-1/2"]
[WhiteElo "2089"]
[BlackElo "2529"]
[PlyCount "136"]
[EventDate "2017.10.21"]
[EventRounds "9"]
[EventCountry "RUS"]

1. e4 c5 2. c3 Qa5 3. Nf3 Nc6 4. a3 Nf6 5. e5 Nd5 6. Bc4 Nb6 7. Ba2 c4 8. Qe2
Qd5 9. d4 cxd3 10. Bxd5 dxe2 11. Ba2 f6 12. exf6 gxf6 13. Be3 d6 14. Bxb6 axb6
15. Nbd2 e6 16. Nc4 Ra6 17. Kxe2 d5 18. Ne3 Rg8 19. Rhd1 Bc5 20. Nxd5 exd5 21.
b4 Be7 22. b5 Ra5 23. Bxd5 Rxg2 24. bxc6 bxc6 25. Bxc6+ Kf8 26. Rd5 Ba6+ 27.
Ke3 Rc5 28. Rxc5 Bxc5+ 29. Nd4 Rxh2 30. a4 Rh3+ 31. f3 Rh2 32. Ke4 Rh4+ 33. Ke3
Rh5 34. Re1 Bd6 35. Ne6+ Ke7 36. Kf2 Be5 37. Nd4 Kd6 38. Be8 Rh2+ 39. Ke3 Kc5
40. Nb3+ Kc4 41. Bf7+ Kxc3 42. a5 bxa5 43. Nxa5 f5 44. Nc4 Bc7 45. Rc1+ Kb4 46.
Rb1+ Kc5 47. Rc1 f4+ 48. Ke4 Re2+ 49. Kf5 Re7 50. Ne5+ Kb6 51. Rc6+ Kb7 52. Re6
Bd3+ 53. Kf6 Rxe6+ 54. Bxe6 Bd8+ 55. Kg7 Bc2 56. Kh6 Be7 57. Bd5+ Kc7 58. Be4
Bxe4 59. fxe4 Kd6 60. Nf3 Kc5 61. Kxh7 Kc4 62. Kg6 Kd3 63. Kf5 Ke3 64. Ne1 f3
65. Nxf3 Kxf3 66. e5 Ke3 67. Ke6 Ke4 68. Kxe7 Kxe5  1/2-1/2

[Event "M.Chigorin Memorial 2017 "]
[Site "?????-?????????"]
[Date "2017.10.21"]
[Round "1"]
[Board "27"]
[White "Geller, Jakov"]
[Black "Bhambure, Shantanu"]
[Result "1-0"]
[WhiteElo "2526"]
[BlackElo "2088"]
[PlyCount "111"]
[EventDate "2017.10.21"]
[EventRounds "9"]
[EventCountry "RUS"]

1. c4 e5 2. Nc3 Bb4 3. e3 Bxc3 4. bxc3 d6 5. d4 c5 6. e4 Nc6 7. d5 Nce7 8. g4
Ng6 9. Bd3 Nh4 10. f3 h5 11. g5 f6 12. Qd2 Ne7 13. gxf6 gxf6 14. Qf2 Neg6 15.
Ne2 Bh3 16. Rg1 Qd7 17. Rg3 f5 18. Rxh3 fxe4 19. Bxe4 Qxh3 20. Qg3 Nxf3+ 21.
Bxf3 Qf5 22. Bg5 Kd7 23. Bg2 Kc7 24. h4 Raf8 25. Kd2 Nf4 26. Nxf4 exf4 27. Qf3
Qd7 28. a4 Re8 29. Bh3 Re3 30. Bxd7 Rxf3 31. Be6 Rf2+ 32. Kd3 Rf3+ 33. Ke4 Re3+
34. Kxf4 Rxc3 35. Kf5 Rxc4 36. a5 Rc2 37. Kg6 c4 38. Kg7 Re8 39. Kf7 Rb8 40.
Rf1 b5 41. axb6+ axb6 42. Kg6 Kb7 43. Kxh5 c3 44. Kg6 Rg2 45. Rf7+ Ka6 46. Rc7
c2 47. Bf5 Rg8+ 48. Kf7 R2xg5 49. hxg5 Rxg5 50. Ke6 b5 51. Bxc2 Ka5 52. Kxd6
Kb4 53. Kc6 Rg2 54. Bh7 Rh2 55. d6 Rh6 56. Bd3  1-0

[Event "M.Chigorin Memorial 2017 "]
[Site "?????-?????????"]
[Date "2017.10.21"]
[Round "1"]
[Board "28"]
[White "Emanuel, Yahav"]
[Black "Steinberg, Nitzan"]
[Result "1-0"]
[WhiteElo "2088"]
[BlackElo "2524"]
[PlyCount "135"]
[EventDate "2017.10.21"]
[EventRounds "9"]
[EventCountry "RUS"]

1. e4 c5 2. Nf3 d6 3. d4 cxd4 4. Nxd4 Nf6 5. Nc3 a6 6. Be2 e5 7. Nb3 Be7 8. O-O
O-O 9. Kh1 b6 10. Be3 Bb7 11. f3 b5 12. a4 b4 13. Nd5 Nxd5 14. exd5 Nd7 15. a5
Nf6 16. Bc4 Rc8 17. Qd3 Rxc4 18. Qxc4 Nxd5 19. Qd3 Qc7 20. Rac1 Rc8 21. Bd2 g6
22. Rfe1 f5 23. c4 bxc3 24. Bxc3 Qd7 25. Bd2 Rb8 26. Rc2 Bf6 27. Nc1 Kg7 28.
Na2 Nc7 29. Bc3 Re8 30. Rce2 Re7 31. Nb4 g5 32. Nc2 f4 33. Na3 h5 34. Nc4 Nd5
35. Rd2 g4 36. Nb6 Nxb6 37. axb6 Re6 38. fxg4 hxg4 39. Qf5 Qf7 40. Qxg4+ Kf8
41. Bb4 Be7 42. Rf1 Ke8 43. Qe2 Rg6 44. Qh5 Qf6 45. Rdf2 Kf8 46. h3 Rg3 47. Bc3
Qe6 48. Rxf4+ exf4 49. Rxf4+ Bf6 50. Qh8+ Qg8 51. Rxf6+ Ke7 52. Qxg8 Bxg2+ 53.
Kh2 Rxg8 54. h4 Be4 55. h5 Rb8 56. Rf4 Bc2 57. Bd4 Ke6 58. Kg3 Kd5 59. h6 Be4
60. Be3 a5 61. Rh4 Bh7 62. Rf4 Ke6 63. Ra4 Rg8+ 64. Kf2 Rf8+ 65. Ke2 Rf5 66. b4
Rb5 67. bxa5 Rb2+ 68. Kf3  1-0

[Event "M.Chigorin Memorial 2017 "]
[Site "?????-?????????"]
[Date "2017.10.21"]
[Round "1"]
[Board "29"]
[White "Iljiushenok, Ilia"]
[Black "Pogosian, Vladimir"]
[Result "1-0"]
[WhiteElo "2519"]
[BlackElo "2088"]
[PlyCount "58"]
[EventDate "2017.10.21"]
[EventRounds "9"]
[EventCountry "RUS"]

1. e4 e5 2. Nf3 d6 3. d4 Nd7 4. Nc3 Ngf6 5. Bc4 Be7 6. O-O O-O 7. Re1 c6 8. a4
b6 9. h3 Bb7 10. Ba2 a6 11. Nh4 exd4 12. Qxd4 d5 13. exd5 Nxd5 14. Nf5 Bf6 15.
Qg4 Nxc3 16. bxc3 Ne5 17. Qg3 Ng6 18. Ba3 c5 19. Rad1 Qb8 20. Nd6 Bc6 21. a5
Nh4 22. Nxf7 Rxf7 23. Re6 Be8 24. Rde1 Bd7 25. Rxf6 Qxg3 26. Bxf7+ Kf8 27. fxg3
gxf6 28. Bd5 Nxg2 29. Bxg2 Rb8  1-0

[Event "M.Chigorin Memorial 2017 "]
[Site "?????-?????????"]
[Date "2017.10.21"]
[Round "1"]
[Board "30"]
[White "Mitra, Roman C"]
[Black "Burmakin, Vladimir"]
[Result "0-1"]
[WhiteElo "2087"]
[BlackElo "2515"]
[PlyCount "64"]
[EventDate "2017.10.21"]
[EventRounds "9"]
[EventCountry "RUS"]

1. c4 e6 2. g3 d5 3. Bg2 Nf6 4. Nf3 Nbd7 5. b3 b6 6. O-O Bb7 7. Bb2 Bd6 8. Nc3
a6 9. e3 O-O 10. Qe2 Re8 11. Rfd1 Ne4 12. d3 Nxc3 13. Bxc3 Qe7 14. e4 dxe4 15.
dxe4 e5 16. Ne1 a5 17. Nc2 Bc5 18. a3 Nf8 19. b4 axb4 20. axb4 Bd6 21. Qe1 f6
22. Ne3 Qf7 23. Nd5 Red8 24. Rxa8 Bxa8 25. Bf1 Ne6 26. c5 bxc5 27. Bc4 Bxd5 28.
Bxd5 cxb4 29. Bxb4 Qe7 30. Qc3 Kh8 31. Bxe6 Qxe6 32. Qc6 Qb3  0-1

[Event "M.Chigorin Memorial 2017 "]
[Site "?????-?????????"]
[Date "2017.10.21"]
[Round "1"]
[Board "31"]
[White "Triapishko, Alexandr"]
[Black "Lazhevskaya, Zhanni"]
[Result "1-0"]
[WhiteElo "2508"]
[BlackElo "2086"]
[PlyCount "67"]
[EventDate "2017.10.21"]
[EventRounds "9"]
[EventCountry "RUS"]

1. e4 e5 2. Nf3 Nc6 3. g3 Bc5 4. Bg2 Nf6 5. d3 d5 6. exd5 Nxd5 7. O-O O-O 8.
Nc3 Nxc3 9. bxc3 f5 10. Qe2 Qf6 11. d4 Bd6 12. Bg5 Qg6 13. dxe5 Nxe5 14. Nxe5
Bxe5 15. Bd5+ Be6 16. Qxe5 Rae8 17. Rfe1 Qxg5 18. Bxe6+ Kh8 19. Qf4 Qf6 20. Bd7
Rd8 21. Rad1 Qxc3 22. Qd4 Qa3 23. Rd3 Qd6 24. Qxd6 cxd6 25. Rxd6 f4 26. Re7
fxg3 27. hxg3 g6 28. f4 Rf5 29. Rd2 Rc5 30. g4 Rc4 31. Rh2 h5 32. gxh5 Rxf4 33.
hxg6+ Kg8 34. Rh8+  1-0

[Event "M.Chigorin Memorial 2017 "]
[Site "?????-?????????"]
[Date "2017.10.21"]
[Round "1"]
[Board "32"]
[White "Leidorf, Sebastian"]
[Black "Mikaelyan, Arman"]
[Result "0-1"]
[WhiteElo "2083"]
[BlackElo "2503"]
[PlyCount "66"]
[EventDate "2017.10.21"]
[EventRounds "9"]
[EventCountry "RUS"]

1. c4 Nf6 2. g3 g6 3. Bg2 Bg7 4. Nc3 O-O 5. e4 d6 6. Nge2 c5 7. O-O Nc6 8. d3
Bg4 9. h3 Bxe2 10. Nxe2 Nd7 11. Rb1 Rb8 12. Be3 Qa5 13. a4 a6 14. Bd2 Qc7 15.
Bc3 b5 16. axb5 axb5 17. Bxg7 Kxg7 18. b3 b4 19. Ra1 Nd4 20. Nxd4 cxd4 21. f4
Ra8 22. Rf2 Nc5 23. Rfa2 Rxa2 24. Rxa2 e5 25. Bf3 Qe7 26. fxe5 Qxe5 27. Kg2 Qg5
28. Qe1 Nxb3 29. Qxb4 Nc1 30. Qd2 Qe3 31. Qxe3 dxe3 32. Ra1 Nxd3 33. Ra3 Ne1+
 0-1

[Event "M.Chigorin Memorial 2017 "]
[Site "?????-?????????"]
[Date "2017.10.21"]
[Round "1"]
[Board "33"]
[White "Praggnanandhaa, R"]
[Black "Aseev, Vladimir"]
[Result "1-0"]
[WhiteElo "2503"]
[BlackElo "2082"]
[PlyCount "55"]
[EventDate "2017.10.21"]
[EventRounds "9"]
[EventCountry "RUS"]

1. e4 c5 2. Nf3 d6 3. c3 Nf6 4. Be2 Nbd7 5. d3 g6 6. O-O Bg7 7. Nbd2 O-O 8. Re1
a6 9. d4 Qc7 10. Bd3 e5 11. d5 b5 12. b3 c4 13. bxc4 Nc5 14. Bf1 Bd7 15. Ba3
bxc4 16. Bxc4 Bb5 17. Qc2 Nfxe4 18. Rxe4 Nxe4 19. Qxe4 Rfc8 20. Bxb5 Qxc3 21.
Nb3 f5 22. Qe2 e4 23. Bc6 exf3 24. Qe6+ Kh8 25. Bxa8 Rxa8 26. Rc1 Qf6 27. Qxf6
Bxf6 28. gxf3  1-0

[Event "M.Chigorin Memorial 2017 "]
[Site "?????-?????????"]
[Date "2017.10.21"]
[Round "1"]
[Board "34"]
[White "Chekmareva, Liya"]
[Black "Golubov, Saveliy"]
[Result "0-1"]
[WhiteElo "2077"]
[BlackElo "2501"]
[PlyCount "68"]
[EventDate "2017.10.21"]
[EventRounds "9"]
[EventCountry "RUS"]

1. d4 Nf6 2. c4 g6 3. Nc3 Bg7 4. e4 d6 5. Nge2 O-O 6. Ng3 c5 7. d5 e6 8. Be2
exd5 9. cxd5 a6 10. a4 Re8 11. h4 h5 12. Bg5 Nbd7 13. Qd2 Qc7 14. O-O Nh7 15.
Rac1 Nxg5 16. hxg5 Ne5 17. b4 c4 18. b5 Bd7 19. f4 Ng4 20. Bxg4 Bxg4 21. Rfe1
Qb6+ 22. Kh1 axb5 23. axb5 Qd4 24. Qxd4 Bxd4 25. Nge2 Bg7 26. Rc2 Ra3 27. Nd1
Ra1 28. Rc1 Rxc1 29. Nxc1 Bxd1 30. Rxd1 Rxe4 31. g3 c3 32. Kg2 Rb4 33. Ne2 Rxb5
34. Rc1 Rc5  0-1

[Event "M.Chigorin Memorial 2017 "]
[Site "?????-?????????"]
[Date "2017.10.21"]
[Round "1"]
[Board "35"]
[White "Soffer, Ram"]
[Black "Orlov, Alexandr"]
[Result "1-0"]
[WhiteElo "2500"]
[BlackElo "2075"]
[PlyCount "35"]
[EventDate "2017.10.21"]
[EventRounds "9"]
[EventCountry "RUS"]

1. d4 f5 2. Bg5 Nf6 3. Bxf6 exf6 4. e3 d5 5. c4 c6 6. Nc3 Bb4 7. Qb3 Qa5 8.
Nge2 Be6 9. Nf4 Bf7 10. cxd5 cxd5 11. Bd3 g6 12. O-O Nc6 13. Ncxd5 O-O-O 14.
Ne7+ Bxe7 15. Qxf7 Rdf8 16. Qe6+ Kb8 17. d5 g5 18. dxc6  1-0

[Event "M.Chigorin Memorial 2017 "]
[Site "?????-?????????"]
[Date "2017.10.21"]
[Round "1"]
[Board "36"]
[White "Myshkovskiy, Sviatoslav"]
[Black "Vakhidov, Jakhongir"]
[Result "0-1"]
[WhiteElo "2062"]
[BlackElo "2498"]
[PlyCount "80"]
[EventDate "2017.10.21"]
[EventRounds "9"]
[EventCountry "RUS"]

1. e4 g6 2. d4 Bg7 3. Nf3 d6 4. Be2 Bg4 5. O-O Nc6 6. Be3 Nf6 7. Nc3 O-O 8. d5
Bxf3 9. Bxf3 Ne5 10. Be2 c6 11. f4 Ned7 12. Bf3 Qc7 13. g4 Nb6 14. Bd4 cxd5 15.
exd5 Nfd7 16. Bxg7 Kxg7 17. Qd4+ Kg8 18. Rfe1 Rfe8 19. Re2 Rac8 20. Rae1 Qc4
21. Qxc4 Rxc4 22. Rxe7 Rxe7 23. Rxe7 Rxf4 24. Kg2 Ne5 25. Be2 Nbd7 26. Re8+ Kg7
27. h3 a6 28. Rc8 Rb4 29. b3 Rd4 30. Kf1 b5 31. Ra8 b4 32. Nd1 Nb6 33. Rxa6
Nxd5 34. Ra4 Rd2 35. Nf2 Rxc2 36. Nd3 Nc3 37. Nxe5 dxe5 38. Rxb4 Nxe2 39. a4 e4
40. Kf2 Nc3+  0-1

[Event "M.Chigorin Memorial 2017 "]
[Site "?????-?????????"]
[Date "2017.10.21"]
[Round "1"]
[Board "37"]
[White "Abdusattorov, Nodirbek"]
[Black "Ismagilov, Damir"]
[Result "1-0"]
[WhiteElo "2498"]
[BlackElo "2058"]
[PlyCount "71"]
[EventDate "2017.10.21"]
[EventRounds "9"]
[EventCountry "RUS"]

1. e4 c5 2. Nf3 Nc6 3. d4 cxd4 4. Nxd4 Nf6 5. Nc3 e6 6. Ndb5 Bb4 7. a3 Bxc3+ 8.
Nxc3 d5 9. exd5 exd5 10. Bd3 O-O 11. O-O d4 12. Ne2 Bg4 13. Bg5 Qd6 14. f3 Bh5
15. Qd2 Bg6 16. Rad1 Rad8 17. Bh4 Rd7 18. Bg3 Qc5 19. Bf2 Rfd8 20. Bxg6 hxg6
21. c3 dxc3 22. Qxd7 Qe5 23. Qxd8+ Nxd8 24. Rxd8+ Kh7 25. Nxc3 Nh5 26. Re1 Qa5
27. Rd5 Qc7 28. g3 Qc6 29. Kg2 Nf6 30. Rc5 Qd7 31. Ne4 b6 32. Re5 Nd5 33. Rd1
Nf4+ 34. gxf4 Qxd1 35. Ng5+ Kh6 36. Re8  1-0

[Event "M.Chigorin Memorial 2017 "]
[Site "?????-?????????"]
[Date "2017.10.21"]
[Round "1"]
[Board "38"]
[White "Veselov, Andrey"]
[Black "Bellaiche, Anthony"]
[Result "0-1"]
[WhiteElo "2056"]
[BlackElo "2493"]
[PlyCount "62"]
[EventDate "2017.10.21"]
[EventRounds "9"]
[EventCountry "RUS"]

1. e4 c5 2. Nc3 Nc6 3. Nf3 e6 4. d4 cxd4 5. Nxd4 Qc7 6. Be3 a6 7. Bd3 Nf6 8.
O-O Nxd4 9. Bxd4 Bc5 10. Bxc5 Qxc5 11. Kh1 d6 12. f4 O-O 13. Qe1 e5 14. f5 b5
15. Qh4 Bb7 16. Rf3 h6 17. Rg1 b4 18. Ne2 d5 19. Rg3 Kh8 20. exd5 Bxd5 21. c4
Bb7 22. Nc1 Rad8 23. Rf1 e4 24. Be2 Qe5 25. Rb3 a5 26. g4 e3+ 27. Kg1 Ne4 28.
g5 Nxg5 29. f6 Rd4 30. Qg3 gxf6 31. Qxe5 Nh3#  0-1

[Event "M.Chigorin Memorial 2017 "]
[Site "?????-?????????"]
[Date "2017.10.21"]
[Round "1"]
[Board "39"]
[White "Lomasov, Semen"]
[Black "Nikonov, Alexej"]
[Result "1-0"]
[WhiteElo "2490"]
[BlackElo "2052"]
[PlyCount "69"]
[EventDate "2017.10.21"]
[EventRounds "9"]
[EventCountry "RUS"]

1. e4 c5 2. Nf3 d6 3. Bb5+ Bd7 4. Bxd7+ Qxd7 5. O-O Nc6 6. c3 Nf6 7. Re1 e6 8.
d4 cxd4 9. cxd4 d5 10. e5 Ne4 11. Nbd2 Nxd2 12. Bxd2 Rc8 13. Rc1 Be7 14. Rc3
O-O 15. a3 Bd8 16. h4 Bb6 17. Rd3 Ne7 18. h5 Rc4 19. h6 Nf5 20. b3 Rc6 21. hxg7
Rfc8 22. Nh2 Qe7 23. Ng4 Qxa3 24. Nf6+ Kxg7 25. Qh5 Ba5 26. Qxh7+ Kf8 27. Bg5
Bxe1 28. Qg8+ Ke7 29. Nxd5+ Kd7 30. Qxf7+ Ne7 31. Bxe7 Bxf2+ 32. Kxf2 Qb2+ 33.
Kf3 Rc1 34. Bd8+ Kc6 35. Qe8+  1-0

[Event "M.Chigorin Memorial 2017 "]
[Site "?????-?????????"]
[Date "2017.10.21"]
[Round "1"]
[Board "40"]
[White "Divya, Deshmukh"]
[Black "Kharchenko, Boris"]
[Result "0-1"]
[WhiteElo "2051"]
[BlackElo "2477"]
[PlyCount "138"]
[EventDate "2017.10.21"]
[EventRounds "9"]
[EventCountry "RUS"]

1. e4 e5 2. Nc3 Nf6 3. Bc4 Nc6 4. d3 Na5 5. Nge2 Nxc4 6. dxc4 Bc5 7. Ng3 d6 8.
Qe2 Be6 9. Bd2 Qd7 10. h3 Ng8 11. O-O-O f6 12. f4 Qf7 13. b3 exf4 14. Bxf4 Ne7
15. Nd5 Ng6 16. Rhf1 O-O-O 17. Be3 Rhe8 18. Bxc5 dxc5 19. Qf2 b6 20. Nf4 Rxd1+
21. Rxd1 Nxf4 22. Qxf4 Bd7 23. Qf3 Kb7 24. Qd3 Bc6 25. a4 a5 26. Kb2 Qg6 27.
Re1 Re5 28. Re2 Qe8 29. h4 Qe6 30. Ka2 Qg4 31. h5 Qe6 32. Kb1 Rg5 33. Ka2 Qe5
34. Re3 Rg4 35. Kb1 Kc8 36. Ka2 h6 37. Kb1 Rg5 38. Rf3 Qe8 39. Re3 Qd7 40. Qe2
Qg4 41. Qd3 Qe6 42. Ka2 Qd6 43. Qxd6 cxd6 44. Nf5 Rxg2 45. Nxd6+ Kc7 46. Nf5
Rxc2+ 47. Kb1 Rg2 48. Kc1 Rg5 49. Ng3 Be8 50. Ne2 Bxh5 51. Nc3 Be8 52. Nd5+ Kd6
53. Rd3 Rg1+ 54. Kd2 Ke5 55. Nxb6 Bc6 56. Rd8 Bxe4 57. Re8+ Kf4 58. Rc8 Rg2+
59. Kc1 h5 60. Nd5+ Bxd5 61. cxd5 Ke5 62. Rxc5 h4 63. d6+ Kxd6 64. Rh5 g5 65.
Rh6 Ke5 66. Rh8 f5 67. Re8+ Kf4 68. Rc8 h3 69. Rh8 h2  0-1

[Event "M.Chigorin Memorial 2017 "]
[Site "?????-?????????"]
[Date "2017.10.21"]
[Round "1"]
[Board "41"]
[White "Lugovskoy, Maxim"]
[Black "Zabolotnov, Evgeny"]
[Result "1-0"]
[WhiteElo "2474"]
[BlackElo "2049"]
[PlyCount "73"]
[EventDate "2017.10.21"]
[EventRounds "9"]
[EventCountry "RUS"]

1. e4 c6 2. d4 d5 3. f3 e6 4. Nc3 Bb4 5. Bd2 Bxc3 6. Bxc3 dxe4 7. Nh3 Nf6 8.
fxe4 e5 9. dxe5 Qxd1+ 10. Rxd1 Nxe4 11. Bc4 Nxc3 12. bxc3 Bxh3 13. gxh3 Nd7 14.
Bxf7+ Ke7 15. O-O Rhf8 16. e6 Nc5 17. Rde1 Rad8 18. Rf5 b6 19. Rg5 g6 20. h4
Rd6 21. h5 Rd5 22. Rxd5 cxd5 23. hxg6 hxg6 24. Re5 Rc8 25. Kf1 Kf6 26. Re2 Ne4
27. Rg2 g5 28. h4 Rxc3 29. hxg5+ Nxg5 30. Rxg5 Rxc2 31. Rxd5 Rxa2 32. Rd7 a5
33. Bg8 Ra4 34. Rf7+ Kg5 35. e7 Re4 36. Bh7 Re6 37. Bf5  1-0

[Event "M.Chigorin Memorial 2017 "]
[Site "?????-?????????"]
[Date "2017.10.21"]
[Round "1"]
[Board "42"]
[White "Malinovsky, Ilya"]
[Black "Usmanov, Vasily"]
[Result "0-1"]
[WhiteElo "2044"]
[BlackElo "2463"]
[PlyCount "80"]
[EventDate "2017.10.21"]
[EventRounds "9"]
[EventCountry "RUS"]

1. d4 Nf6 2. Bf4 d6 3. Nc3 Nbd7 4. e4 e5 5. Bg5 Be7 6. Nf3 O-O 7. Be2 c6 8. a4
b6 9. O-O Bb7 10. Qd2 a6 11. Rfd1 Qc7 12. h3 Rfe8 13. dxe5 dxe5 14. Bh4 Nf8 15.
Bg3 Ng6 16. Ne1 Rad8 17. Qe3 Bc5 18. Qf3 Bd4 19. Bc4 b5 20. axb5 cxb5 21. Bd5
Bxc3 22. bxc3 Nxd5 23. exd5 f6 24. h4 Ne7 25. h5 Nxd5 26. h6 Nxc3 27. Rxd8 Rxd8
28. Qg4 Qd7 29. Qh4 Qd4 30. Qxd4 Rxd4 31. hxg7 Kxg7 32. Nd3 Ne2+ 33. Kh2 Rc4
34. Ra2 h5 35. f3 Nc3 36. Ra1 Nd5 37. Rc1 Bc8 38. Bf2 Bf5 39. Nc5 b4 40. Nxa6
b3  0-1

[Event "M.Chigorin Memorial 2017 "]
[Site "?????-?????????"]
[Date "2017.10.21"]
[Round "1"]
[Board "43"]
[White "Zakhartsov, Vladimir"]
[Black "Gorbatenko, Alexander"]
[Result "1-0"]
[WhiteElo "2461"]
[BlackElo "2042"]
[PlyCount "55"]
[EventDate "2017.10.21"]
[EventRounds "9"]
[EventCountry "RUS"]

1. c4 e6 2. d4 Nf6 3. Nf3 d5 4. Nc3 a6 5. Bg5 dxc4 6. e4 b5 7. e5 h6 8. Bh4 g5
9. Nxg5 hxg5 10. Bxg5 Be7 11. exf6 Bxf6 12. Qf3 Bxg5 13. Qxa8 Qxd4 14. Rd1 Qb6
15. Qf3 Bb7 16. Qg4 Bf6 17. Be2 Nc6 18. Qf4 Be7 19. a3 Rh4 20. Qg3 Kf8 21. Rd7
Rd4 22. Qxc7 Qxc7 23. Rxc7 Nd8 24. Bf3 Bxf3 25. gxf3 Rd3 26. Ke2 Bxa3 27. bxa3
Rxc3 28. Rd1  1-0

[Event "M.Chigorin Memorial 2017 "]
[Site "?????-?????????"]
[Date "2017.10.21"]
[Round "1"]
[Board "44"]
[White "Makoveev, Ilya"]
[Black "Kobo, Ori"]
[Result "0-1"]
[WhiteElo "2041"]
[BlackElo "2460"]
[PlyCount "64"]
[EventDate "2017.10.21"]
[EventRounds "9"]
[EventCountry "RUS"]

1. e4 g6 2. d4 Bg7 3. Nc3 d6 4. f4 Nf6 5. Nf3 O-O 6. Bd3 Nc6 7. e5 dxe5 8. fxe5
Nh5 9. Be3 Bg4 10. Be2 f6 11. O-O Bxf3 12. Rxf3 fxe5 13. Rxf8+ Qxf8 14. d5 Nd4
15. Bxh5 gxh5 16. Qxh5 Nxc2 17. Rf1 Qe8 18. Qxe8+ Rxe8 19. Bxa7 b6 20. Nb5 Ra8
21. Rc1 Nd4 22. Nxd4 exd4 23. Rxc7 d3 24. Kf2 Bh6 25. Rc3 d2 26. Ke2 Rxa7 27.
Rg3+ Kf7 28. Rf3+ Kg6 29. Rg3+ Kf5 30. Rh3 Bg5 31. Rf3+ Ke4 32. h4 Bf4  0-1

[Event "M.Chigorin Memorial 2017 "]
[Site "?????-?????????"]
[Date "2017.10.21"]
[Round "1"]
[Board "45"]
[White "Solozhenkin, Evgeniy"]
[Black "Kiseleva, Arina"]
[Result "1-0"]
[WhiteElo "2459"]
[BlackElo "2038"]
[PlyCount "49"]
[EventDate "2017.10.21"]
[EventRounds "9"]
[EventCountry "RUS"]

1. d4 Nf6 2. c4 e6 3. Nf3 d5 4. Nc3 Be7 5. Qc2 c6 6. e3 Nbd7 7. Bd3 O-O 8. O-O
b6 9. b3 Bb7 10. Bb2 Rc8 11. Ne5 dxc4 12. bxc4 c5 13. Rad1 cxd4 14. exd4 a6 15.
Rfe1 Qc7 16. Nxd7 Qxd7 17. d5 exd5 18. Bf5 Qc7 19. Bxc8 Rxc8 20. cxd5 Nxd5 21.
Nxd5 Qxc2 22. Nxe7+ Kh8 23. Nxc8 Qxc8 24. Re7 h5 25. Rxf7  1-0

[Event "M.Chigorin Memorial 2017 "]
[Site "?????-?????????"]
[Date "2017.10.21"]
[Round "1"]
[Board "46"]
[White "Golovkina, Anastasia"]
[Black "Kezin, Roman"]
[Result "0-1"]
[WhiteElo "2035"]
[BlackElo "2455"]
[PlyCount "94"]
[EventDate "2017.10.21"]
[EventRounds "9"]
[EventCountry "RUS"]

1. e4 c5 2. Nf3 e6 3. d4 cxd4 4. Nxd4 Nc6 5. Nc3 Qc7 6. Be3 a6 7. Qd2 Nf6 8.
O-O-O Be7 9. f3 h5 10. Kb1 b5 11. Bd3 Bb7 12. h3 h4 13. Rhe1 Ne5 14. f4 Nc4 15.
Bxc4 Qxc4 16. Qd3 Rc8 17. e5 Qxd3 18. cxd3 Nh5 19. Rd2 f6 20. Ree2 O-O 21. Rf2
fxe5 22. fxe5 Ng3 23. Nf3 Rf5 24. Bd4 Rcf8 25. Ne1 Bg5 26. Rc2 Nh1 27. Rxf5
Rxf5 28. Nd1 Rf1 29. Bc3 Bf4 30. Re2 Ng3 31. Rf2 Rxf2 32. Nxf2 Ne2 33. Ng4
Nxc3+ 34. bxc3 Bd2 35. Nf3 Bxc3 36. Nxh4 Kf7 37. Kc2 Ba1 38. Nf3 Bxf3 39. gxf3
Kg6 40. Kb3 a5 41. a4 b4 42. f4 Bd4 43. Kc4 Bg1 44. d4 Kf5 45. Kd3 Kxf4 46. Nf6
b3 47. Nxd7 Bxd4  0-1

[Event "M.Chigorin Memorial 2017 "]
[Site "?????-?????????"]
[Date "2017.10.21"]
[Round "1"]
[Board "47"]
[White "Li, Yankai"]
[Black "Savinov, Leonid"]
[Result "1-0"]
[WhiteElo "2455"]
[BlackElo "2035"]
[PlyCount "61"]
[EventDate "2017.10.21"]
[EventRounds "9"]
[EventCountry "RUS"]

1. e4 e5 2. Nf3 Nc6 3. Nc3 Nf6 4. Bb5 d6 5. d4 exd4 6. Nxd4 Bd7 7. Nxc6 Bxc6 8.
Bxc6+ bxc6 9. O-O Be7 10. b3 O-O 11. Bb2 Re8 12. f4 d5 13. e5 Bc5+ 14. Kh1 Nd7
15. Qg4 Re6 16. Na4 Bf8 17. Rae1 Qe8 18. f5 Rxe5 19. Bxe5 Nxe5 20. Qd4 f6 21.
Nc5 Qh5 22. Ne6 Bd6 23. h3 Nf7 24. c4 Ng5 25. Nxg5 Qxg5 26. Rf3 Rd8 27. cxd5
Be5 28. Qc5 Qd2 29. Rxe5 fxe5 30. Qe7 Rf8 31. f6  1-0

[Event "M.Chigorin Memorial 2017 "]
[Site "?????-?????????"]
[Date "2017.10.21"]
[Round "1"]
[Board "48"]
[White "Pryalukhin, Danila"]
[Black "Khanin, Semen"]
[Result "0-1"]
[WhiteElo "2031"]
[BlackElo "2450"]
[PlyCount "36"]
[EventDate "2017.10.21"]
[EventRounds "9"]
[EventCountry "RUS"]

1. d4 Nf6 2. Bg5 e6 3. Nd2 h6 4. Bh4 c5 5. e4 cxd4 6. e5 g5 7. Bg3 Nd5 8. h4
gxh4 9. Rxh4 Nc6 10. Ngf3 Rg8 11. Rh3 a6 12. Bc4 d6 13. Kf1 dxe5 14. Nxe5 Rxg3
15. Rxg3 Nxe5 16. Qh5 Nxc4 17. Nxc4 Qc7 18. Ne5 Nf4  0-1

[Event "M.Chigorin Memorial 2017 "]
[Site "?????-?????????"]
[Date "2017.10.21"]
[Round "1"]
[Board "49"]
[White "Malakhov, Igor"]
[Black "Nikitinyh, Boris"]
[Result "1-0"]
[WhiteElo "2446"]
[BlackElo "2027"]
[PlyCount "117"]
[EventDate "2017.10.21"]
[EventRounds "9"]
[EventCountry "RUS"]

1. e4 c6 2. d4 d5 3. exd5 cxd5 4. c4 Nf6 5. Nc3 Nc6 6. Nf3 Bg4 7. cxd5 Nxd5 8.
Qb3 Bxf3 9. gxf3 e6 10. Qxb7 Nxd4 11. Bb5+ Nxb5 12. Qc6+ Ke7 13. Qxb5 Nxc3 14.
bxc3 Qd5 15. Qxd5 exd5 16. Rb1 Ke6 17. Kd1 Bc5 18. Re1+ Kd6 19. Rb7 Rae8 20.
Rxf7 Rxe1+ 21. Kxe1 Re8+ 22. Kf1 d4 23. c4 d3 24. Bf4+ Kc6 25. Rc7+ Kb6 26. a4
Bd4 27. a5+ Kxa5 28. Rd7 Bc3 29. Rxd3 Kb4 30. c5 Rc8 31. Rd7 a5 32. Bd6 Kc4 33.
Ra7 Kb3 34. Ke2 Kc4 35. f4 Re8+ 36. Kf3 Kd5 37. h3 Bb4 38. f5 Bc3 39. Ra6 Rc8
40. Ra7 h6 41. Kg4 Re8 42. f4 Re1 43. Bf8 Ra1 44. Ra6 Rc1 45. Rd6+ Ke4 46. Re6+
Kd3 47. Kh5 Bd4 48. Ra6 Bc3 49. c6 Bd4 50. Bd6 Ke4 51. Kg6 Kd5 52. c7 a4 53.
Rxa4 Rc6 54. Rxd4+ Kxd4 55. Kxg7 Kd5 56. Be5 Rc1 57. f6 Ke6 58. f7 Rg1+ 59. Kh8
 1-0